000 00291nam a22001337a 4500
008 170529b xxu||||| |||| 00| 0 eng d
020 _a49477
041 _aeng
080 _a66.0
100 _a27
101 _aIM
245 _aCHEMICAL ENGINEERS' HANDBOOK
_cAIDALS, J.B
942 _2udc
_cBK
999 _c14753
_d14753